000 00334 a2200145 4500
001 167738
020 _a
040 _cMagnum
100 _aMarcellino, Nelson C. (Org)
240 1 0 _aIntroducao as ciencias sociais
_lpor
245 1 0 _aIntroducao as ciencias sociais
362 0 _a1899
697 _aPROBLEMAS SOCIAIS
942 _cBK
999 _c167738
_d167738